01016nam0a22002171 4500001001000000005001700010035002600027100004100053101000800094102000700102105001800109200031500127210002300442215001600465300010800481702003000589712012000619801001800739801002200757852001900779rc\67290820250621204943.0 a(NLR Aleph) 005911140 a20031121d1986 |||y0rusy50 ca0 arus aRU ay |||||||||1 aУскорение: проблемы духовного развития обществаe(Тез. докл. участников VI Всесоюз. филос. чтений молодых ученых, Звенигород, 26-30 авг. 1986 г.)f[Редкол.: Н.А. Кормин (пред.) и др.] aМ.cБ. и.d1986 a175 с.d21 aВ надзаг.: АН СССР, Филос. о-во СССР, Ин-т философии АН СССР 1aКорминbН.А.434012aВсесоюзные философские чтения молодых ученыхd6f1986eЗвенигород 0aRUbNLRgpsbo 1aRUbELAR2rusmarc aNLRj86-5/7501